| 000 | 00755nam a2200241 i 4500 | ||
|---|---|---|---|
| 001 | bg | ||
| 100 | 1 | _aRUBEL, Stanisław | |
| 245 | 1 | 0 |
_aPracownia chemiczna : _banaliza ilościowa / _cStanisław Rubel. |
| 250 | _aWyd. 4 zm. | ||
| 260 |
_aWarszawa : _bWydawnictwa Szkolne i Pedagogiczne, _c1993. |
||
| 300 |
_a192 s. : _brys., wykr. ; _c24 cm. |
||
| 521 | _aPodręcznik dla uczniów średnich szkół zawodowych o specjalnościach chemicznych. | ||
| 650 | 9 | _aAnaliza chemiczna ilościowa | |
| 655 | _aPodręczniki dla szkół zawodowych | ||
| 015 | _aPB 8381/99 | ||
| 020 | _a8302051136 | ||
| 040 | _cBPK | ||
| 041 | 0 | _apol | |
| 080 | _a543.062(075.3) | ||
| 920 | _a83-02-05113-6 | ||
| 942 | _cKS | ||
| 008 | s pl f |000 0 pol | ||
| 999 |
_c46973 _d46973 |
||
| 856 |
_uhttp://koha.tu.koszalin.pl/cgi-bin/koha/opac-detail.pl?biblionumber=46973 _yKatalog online BPK |
||